Kitāb al-mufaṣṣal fī ʻilm al-ʻArabīyah /
محفوظ في:
المؤلف الرئيسي:
مؤلفون آخرون:
التنسيق: كتاب
اللغة: Arabic
منشور في:
Miṣr :
Maṭabaʻat al-Taqaddum,
1323 [1905].
الطبعة: al-Ṭabʻah 1.
الموضوعات:
الوسوم: إضافة وسم
لا توجد وسوم, كن أول من يضع وسما على هذه التسجيلة!
رقم الطلب: PJ6101 .Z3 1905
| LEADER | 01840nam a2200265Ia 4500 | ||
|---|---|---|---|
| 003 | OSt | ||
| 005 | 20230919110621.0 | ||
| 008 | 130303s1905 ua 000 0 ara d | ||
| 952 | |0 0 |1 0 |2 lcc |4 0 |6 PJ6101 Z3 01905 |7 1 |9 50186 |a ARCE |b ARCE |d 2023-09-19 |l 0 |o PJ6101 .Z3 1905 |p 1029221 |r 2023-09-19 00:00:00 |w 2023-09-19 |y BK | ||
| 999 | |c 27625 |d 27625 | ||
| 040 | |c ARCE Library | ||
| 050 | 4 | |a PJ6101 .Z3 1905 | |
| 100 | 1 | |6 880-01 |a Zamakhsharī, Maḥmūd ibn ʻUmar, |d 1075-1144, |e author | |
| 245 | 1 | 0 | |6 880-02 |a Kitāb al-mufaṣṣal fī ʻilm al-ʻArabīyah / |c taʼlīf Abī al-Qāsim Maḥmūd ibn ʻUmar al-Zamakhsharī, wa-bi-dhaylihi Kitāb al-mufaḍḍal fī sharḥ abyāt al-Mufaṣṣal / li-Muḥammad Badr al-Dīn Abī Firās al-Naʻsānī al-Ḥalabī. |
| 250 | |a al-Ṭabʻah 1. | ||
| 264 | 1 | |a Miṣr : |b Maṭabaʻat al-Taqaddum, |c 1323 [1905]. | |
| 300 | |a 408 pages ; |c 24 cm. | ||
| 650 | 0 | |a Arabic language |x Grammar |v Early works to 1800. | |
| 700 | 1 | 2 | |a Ḥalabī, Muḥammad Badr al-Dīn al-Naʻsānī. |t Mufaḍḍal fī sharḥ abyāt al-Mufaṣṣal. |
| 740 | 0 | |a Mufaṣṣal fī ʻilm al-ʻArabīyah. | |
| 740 | 0 | 2 | |a Mufaḍḍal fī sharḥ abyāt al-Mufaṣṣal. |
| 880 | 1 | |6 100-01/(3/r |a زمخشري، محمود بن عمر، |d 1075-1144. | |
| 880 | 1 | 0 | |6 245-02/(3/r |a كتاب المفصل في علم العربية |c تأليف أبي القاسم محمود بن عمر الزمخشري، و بذيل كتاب المفضل في شرح أبيات المفصل / لمحمد بدر الدين أبي فراس النعساني الحلبي. |
| 901 | |a reviewed | ||
| 942 | |c BK |2 lcc | ||
